[Event "Big Slow Lazy Tourney -  Dutch Style"]
[Site "SchemingMind.com"]
[Date "2020.06.27"]
[Round "-"]
[White "Uzi Mike"]
[Black "dvoretsky"]
[Result "1-0"]
[WhiteCountry "USA"]
[BlackCountry "ENG"]
[WhiteElo "2430"]
[WhiteRD "71"]
[BlackElo "2413"]
[BlackRD "87"]
[GameID "456927"]

1. d4 f5 2. Nf3 Nf6 3. Bf4 e6 4. e3 Be7 5. Be2 O-O 6. O-O b6 7. c4 Ne4 8. Nbd2 g5 9. Bg3 Nxg3 10. fxg3 g4
11. Ne1 Bg5 12. e4 Nc6 13. Nc2 Qe7 14. exf5 exf5 15. Kh1 d6 16. Nb1 Bd7 17. Nc3 Rae8 18. b4 Qg7 19. Nd5 Ne7 20. Nxc7 Rc8
21. Nb5 Qh6 22. Nxa7 Rc7 23. Nb5 Bxb5 24. cxb5 Nd5 25. Bxg4 fxg4 26. Qxg4 Nf6 27. Qf5 Qg6 28. Qe6+ Rff7 29. Ne1
1-0

[Event "Big Slow Lazy Tourney -  Dutch Style"]
[Site "SchemingMind.com"]
[Date "2020.06.27"]
[Round "-"]
[White "Robert Bruce"]
[Black "dvoretsky"]
[Result "1/2-1/2"]
[WhiteCountry "SCO"]
[BlackCountry "ENG"]
[WhiteElo "2386"]
[WhiteRD "64"]
[BlackElo "2556"]
[BlackRD "81"]
[GameID "456928"]

1. d4 f5 2. g3 Nf6 3. Bg2 g6 4. Nf3 Bg7 5. O-O O-O 6. b3 d6 7. Bb2 Ne4 8. Nbd2 Nc6 9. e3 e5 10. dxe5 Nxd2
11. Nxd2 dxe5 12. Nc4 e4 13. Bxg7 Kxg7 14. f3 exf3 15. Bxf3 Qf6 16. Qe1 Be6 17. Bxc6 bxc6 18. Qb4 Rfe8 19. Rae1 Rad8 20. Rf2 Bxc4
21. Qxc4 Rd5 22. Kg2 Qd6 23. Qc3+ Kg8 24. e4 Rxe4 25. Rxe4 fxe4 26. Qe3 Re5 27. Rd2 Qe7 28. Qxa7 e3 29. Re2 Qd6 30. Qa6 Kf7
31. Qd3 Qd5+ 32. Qxd5+ cxd5 33. Kf3=
1/2-1/2

[Event "Big Slow Lazy Tourney -  Dutch Style"]
[Site "SchemingMind.com"]
[Date "2020.06.27"]
[Round "-"]
[White "dvoretsky"]
[Black "Mihir Chandrashekhar"]
[Result "1-0"]
[WhiteCountry "ENG"]
[BlackCountry "IND"]
[WhiteElo "2556"]
[WhiteRD "81"]
[BlackElo "1740"]
[BlackRD "65"]
[GameID "456929"]

1. d4 f5 2. g3 Nf6 3. Bg2 c6 4. Nf3 e6 5. c4 d5 6. O-O Bd6 7. b3 O-O 8. Nc3 Nbd7 9. Qc2 Ne4 10. a4 Ndf6
11. Ba3 Bxa3 12. Rxa3 Nxc3 13. Qxc3 Ne4 14. Qe3 Ng5 15. Nxg5
1-0

[Event "Big Slow Lazy Tourney -  Dutch Style"]
[Site "SchemingMind.com"]
[Date "2020.06.27"]
[Round "-"]
[White "dvoretsky"]
[Black "Matthew Bailey"]
[Result "0-1"]
[WhiteCountry "ENG"]
[BlackCountry "ENG"]
[WhiteElo "2413"]
[WhiteRD "87"]
[BlackElo "2570"]
[BlackRD "68"]
[GameID "456930"]

1. d4 f5 2. g3 Nf6 3. Bg2 g6 4. Nf3 Bg7 5. O-O O-O 6. c4 d6 7. Nc3 c6 8. d5 e5 9. dxe6 Bxe6 10. b3 Na6
11. Be3 Qe7 12. Qd2 d5 13. cxd5 Nxd5 14. Nxd5 Bxd5 15. Rad1 Rfe8 16. Qc1 Nc7 17. Rfe1 Bf6 18. h4 Nb5 19. Nd4 Nc7 20. Nf3 Rad8
21. Rd3 Qg7 22. Red1 Rd7 23. Ng5 Rde7 24. Bf3 Bxf3 25. exf3 Nd5 26. Bd2 Be5 27. Nh3 a6 28. a4 Re6 29. Kg2 Qc7 30. b4 b5
31. a5 Qe7 32. Ng5 Rd6 33. Be3 Qd8 34. Bc5 Rd7 35. Re1 h6 36. Nh3 f4 37. Rdd1 fxg3 38. fxg3 Bg7 39. Qb1 Rxe1 40. Rxe1 Qf6
41. Re8+ Kf7 42. Ra8 Qb2+ 43. Qxb2 Bxb2 44. Rxa6 Ba3 45. Rxc6 Bxb4 46. Bxb4 Nxb4 47. Rb6 Rd2+ 48. Kf1 Nd5 49. Rxb5 Ne3+ 50. Ke1 Ra2
51. Rb7+ Kg8 52. Ra7 Ng2+ 53. Kf1 Ne3+ 54. Kg1 Nf5 55. Nf4 Nd4 56. Kf1 g5 57. Nd5 Nxf3
0-1

[Event "Big Slow Lazy Tourney -  Dutch Style"]
[Site "SchemingMind.com"]
[Date "2020.06.27"]
[Round "-"]
[White "Randy Bahr"]
[Black "dvoretsky"]
[Result "0-1"]
[WhiteCountry "USA"]
[BlackCountry "ENG"]
[WhiteElo "1770"]
[WhiteRD "69"]
[BlackElo "2556"]
[BlackRD "81"]
[GameID "456931"]

1. d4 f5 2. g3 Nf6 3. Bg2 g6 4. Nf3 Bg7 5. c4 O-O 6. O-O d6 7. Nc3 Qe8 8. d5 a5 9. Rb1 Na6 10. Be3 Nc5
11. Bxc5 dxc5 12. Nb5 Qd8 13. e3 Ne4 14. Nd2 Nd6 15. a4 e5 16. dxe6 c6 17. Nxd6 Qxd6 18. Nf3 Qe7 19. b3 Bxe6 20. Qe2 g5
21. h4 g4 22. Nh2 Rae8 23. Qd2 Qd8 24. Qxd8 Rxd8 25. Rbd1 h5 26. f3 Be5 27. Kf2 b5 28. f4 Bb2 29. Rfe1 bxc4 30. bxc4 Bxc4
31. Nf1 Bc3 32. Rxd8 Bxe1+ 33. Kxe1 Rxd8 34. Bxc6 Bxf1 35. Kxf1 c4
0-1

[Event "Big Slow Lazy Tourney -  Dutch Style"]
[Site "SchemingMind.com"]
[Date "2020.06.23"]
[Round "-"]
[White "AussieMossie"]
[Black "ray winteringham"]
[Result "1-0"]
[WhiteCountry "AUS"]
[BlackCountry "ENG"]
[WhiteElo "2503"]
[WhiteRD "71"]
[BlackElo "1520"]
[BlackRD "50"]
[GameID "456955"]

1. d4 f5 2. Nf3 e6 3. g3 g6 4. h4 Bg7 5. h5 gxh5 6. Bg5 Nf6 7. Nc3 d6 8. e4 Qd7 9. exf5 Qf7 10. Bc4 c6
11. Qe2 d5 12. Bd3 O-O 13. Bxf6 Bxf6 14. Ne5 exf5 15. Nxf7 Re8 16. Qxe8+ Kg7 17. Nd6
1-0

[Event "Big Slow Lazy Tourney -  Dutch Style"]
[Site "SchemingMind.com"]
[Date "2020.06.28"]
[Round "-"]
[White "ray winteringham"]
[Black "The Stonewall"]
[Result "0-1"]
[WhiteCountry "ENG"]
[BlackCountry "ENG"]
[WhiteElo "1520"]
[WhiteRD "50"]
[BlackElo "2427"]
[BlackRD "86"]
[GameID "456956"]

1. d4 f5 2. Bf4 Nf6 3. e3 e6 4. Be2 Be7 5. Bh5+ Nxh5 6. Qxh5+ g6 7. Qh6 d6 8. Qg7 Bf6 9. Qh6 e5 10. dxe5 dxe5
11. Bg3 f4 12. exf4 exf4
0-1

[Event "Big Slow Lazy Tourney -  Dutch Style"]
[Site "SchemingMind.com"]
[Date "2020.06.23"]
[Round "-"]
[White "maro"]
[Black "ray winteringham"]
[Result "0-1"]
[WhiteCountry "MEX"]
[BlackCountry "ENG"]
[WhiteElo "1373"]
[WhiteRD "60"]
[BlackElo "1520"]
[BlackRD "50"]
[GameID "456957"]

1. d4 f5 2. e4 e6 3. exf5 d6 4. fxe6 Bxe6 5. d5 Bf7 6. Bb5+ Nd7 7. Nc3 Be7 8. Nf3 h6 9. Qd4 Bf6 10. Qe4+ Ne7
11. O-O O-O 12. Bd3 Bg6 13. Qe6+ Bf7 14. Qg4 Bxc3 15. Bxh6 Bxb2 16. Rac1 g6 17. Bxf8 Bxc1 18. Bxe7 Qxe7 19. Rxc1 Kg7 20. Ng5 Rh8
21. Bc4 Qe5 22. Ne6+ Bxe6 23. Qxe6 Qxh2+ 24. Kf1 Nf8 25. Qe7+ Kg8 26. Ke2 Rh7 27. Qg5 Rh5 28. Qf6 Qxg2 29. Rf1 Re5+ 30. Kd2 Qe4
31. Rh1 Qxh1
0-1

[Event "Big Slow Lazy Tourney -  Dutch Style"]
[Site "SchemingMind.com"]
[Date "2020.06.28"]
[Round "-"]
[White "ray winteringham"]
[Black "Mihir Chandrashekhar"]
[Result "1-0"]
[WhiteCountry "ENG"]
[BlackCountry "IND"]
[WhiteElo "1520"]
[WhiteRD "50"]
[BlackElo "1717"]
[BlackRD "66"]
[GameID "456959"]

1. d4 f5 2. Bf4 Nf6 3. e3 d5 4. Be2 e6 5. Nf3 Bd6 6. Bxd6 cxd6 7. h3 O-O 8. O-O Nc6 9. a3 e5 10. Nc3 e4
11. Nh2 Qe8 12. f4 Qg6 13. Qe1 Nh5 14. Bxh5 Qxh5 15. Nxd5 Be6 16. Nc7
1-0

[Event "Big Slow Lazy Tourney -  Dutch Style"]
[Site "SchemingMind.com"]
[Date "2020.06.23"]
[Round "-"]
[White "ray winteringham"]
[Black "Matthew Bailey"]
[Result "0-1"]
[WhiteCountry "ENG"]
[BlackCountry "ENG"]
[WhiteElo "1520"]
[WhiteRD "50"]
[BlackElo "2545"]
[BlackRD "57"]
[GameID "456960"]

1. d4 f5 2. Nc3 Nf6 3. Bg5 d5 4. Bxf6 exf6 5. f4 Bd6 6. e3 c6 7. Be2 Qe7 8. Qd2 b5 9. Bf3 Bxf4 10. O-O-O Bxe3
11. Re1 Bxd2+ 12. Kxd2 Be6 13. g4 fxg4 14. Bxg4 f5 15. Bh3 O-O 16. Nf3 Nd7 17. Re2 Qf6 18. Rhe1 Qh6+ 19. Re3 Qxh3 20. R1e2 Qh6
21. Kd1 Rfe8 22. h4 f4 23. Rxe6 Rxe6
0-1

[Event "Big Slow Lazy Tourney -  Dutch Style"]
[Site "SchemingMind.com"]
[Date "2020.06.23"]
[Round "-"]
[White "Randy Bahr"]
[Black "ray winteringham"]
[Result "1-0"]
[WhiteCountry "USA"]
[BlackCountry "ENG"]
[WhiteElo "1774"]
[WhiteRD "69"]
[BlackElo "1520"]
[BlackRD "50"]
[GameID "456961"]

1. d4 f5 2. g3 h6 3. Bg2 d5 4. Nf3 Nc6 5. O-O g6 6. Nc3 e6 7. e3 Nf6 8. Ne2 Bd7 9. b3 Bg7 10. Bb2 a6
11. Nd2 Qe7 12. c4 dxc4 13. Nxc4 O-O 14. Bxc6 Bxc6 15. Ba3 Qd8 16. Bxf8 Bxf8 17. Ne5 Qd5 18. Nxc6 Qxc6 19. Rc1 Qd7 20. Rc2 Bd6
21. Nc1 Ne4 22. f3 Ng5 23. Nd3 Rd8 24. Qe2 c6 25. h4 Nf7 26. Kg2 g5 27. h5 Qc7 28. f4 Qe7 29. Nc5 g4 30. a3 Rc8
31. Qc4 Bxc5 32. Qxc5 Qd8 33. Qc4 Qe8 34. Qc5 Rb8 35. Re1 Nd8 36. e4 Qxh5 37. Rh1 Qg6 38. Qd6 Ra8 39. exf5 Qxf5 40. Re2 h5
41. Qe5 Qc2 42. Rxc2
1-0

[Event "Big Slow Lazy Tourney -  Dutch Style"]
[Site "SchemingMind.com"]
[Date "2020.06.23"]
[Round "-"]
[White "frankly"]
[Black "ray winteringham"]
[Result "1-0"]
[WhiteCountry "ENG"]
[BlackCountry "ENG"]
[WhiteElo "2576"]
[WhiteRD "63"]
[BlackElo "1520"]
[BlackRD "50"]
[GameID "456962"]

1. d4 f5 2. g3 c6 3. Nd2 Nf6 4. Bg2 d5 5. Nh3 e6 6. O-O Be7 7. c4 Bd7 8. Nf3 Na6 9. b3 g6 10. Ne5 h6
11. Nxg6 Rg8 12. Nxe7 Qxe7 13. Bxh6 O-O-O 14. Qd2 Rh8 15. Bf4 b6 16. a4 Qb4 17. Qxb4 Nxb4 18. Be5 Rhf8 19. a5 b5 20. a6 Ng4
21. Bd6 Nc2 22. Rad1 Rfe8 23. cxb5 e5 24. dxe5 Nxe5 25. Nf4 Nf7 26. Bc5 Re5 27. Rd2 d4 28. Rxc2 Kb8 29. bxc6 Bxc6 30. Bxc6 Rc8
31. Rfc1
1-0

[Event "Big Slow Lazy Tourney -  Dutch Style"]
[Site "SchemingMind.com"]
[Date "2020.06.28"]
[Round "-"]
[White "ray winteringham"]
[Black "Robert Bruce"]
[Result "0-1"]
[WhiteCountry "ENG"]
[BlackCountry "SCO"]
[WhiteElo "1520"]
[WhiteRD "50"]
[BlackElo "2407"]
[BlackRD "67"]
[GameID "456963"]

1. d4 f5 2. Nc3 Nf6 3. e3 e6 4. a3 d5 5. g3 Bd6 6. Bg2 O-O 7. Nge2 c6 8. O-O Nbd7 9. b3 b6 10. Bb2 Qe7
11. a4 Ba6 12. Re1 Rae8 13. Nf4 g5 14. Nfe2 h5 15. Kh1 h4 16. a5 hxg3 17. Nxg3 Qh7 18. h3 b5 19. Nce2 b4 20. Ng1 Ne4
0-1

[Event "Big Slow Lazy Tourney -  Dutch Style"]
[Site "SchemingMind.com"]
[Date "2020.06.23"]
[Round "-"]
[White "ray winteringham"]
[Black "William Lindberg"]
[Result "0-1"]
[WhiteCountry "ENG"]
[BlackCountry "USA"]
[WhiteElo "1520"]
[WhiteRD "50"]
[BlackElo "2458"]
[BlackRD "65"]
[GameID "456964"]

1. d4 f5 2. Bf4 e6 3. c3 b6 4. e3 Bb7 5. f3 Nf6 6. Bd3 Nd5 7. Qe2 Nxf4 8. exf4 Be7 9. Nh3 O-O 10. Nd2 c5
11. Qf2 Nc6 12. a3 cxd4 13. O-O dxc3 14. bxc3 Bc5
0-1

[Event "Big Slow Lazy Tourney -  Dutch Style"]
[Site "SchemingMind.com"]
[Date "2020.06.28"]
[Round "-"]
[White "dvoretsky"]
[Black "ray winteringham"]
[Result "1-0"]
[WhiteCountry "ENG"]
[BlackCountry "ENG"]
[WhiteElo "2505"]
[WhiteRD "98"]
[BlackElo "1520"]
[BlackRD "50"]
[GameID "456965"]

1. d4 f5 2. g3 g6 3. Bg2 c6 4. h4 Bg7 5. h5 g5 6. Bxg5 Bf6 7. Be3 d5 8. c4 e6 9. Nf3 Bd7 10. Bf4 Qb6
11. Nbd2 Bxd4 12. Nxd4 Qxd4 13. Qb3 Qb6 14. Be5 Nf6 15. Bxf6 O-O 16. Qc3 dxc4 17. h6 Kf7 18. Bg5 Rg8 19. Qf6+ Ke8 20. Qe7#
1-0

[Event "Big Slow Lazy Tourney -  Dutch Style"]
[Site "SchemingMind.com"]
[Date "2020.07.02"]
[Round "-"]
[White "AussieMossie"]
[Black "dmlowrey"]
[Result "1-0"]
[WhiteCountry "AUS"]
[BlackCountry "USA"]
[WhiteElo "2503"]
[WhiteRD "71"]
[BlackElo "1577"]
[BlackRD "76"]
[GameID "457290"]

1. d4 f5 2. Nf3 Nf6 3. g3 b6 4. Bg2 Bb7 5. O-O e6 6. c4 Nc6 7. d5 exd5 8. cxd5 Ne5 9. Nxe5 Bc5 10. Qb3 Qe7
11. d6 cxd6 12. Bxb7 Rb8 13. Nc6 dxc6 14. Bxc6+ Kf8 15. Nc3 d5 16. Nxd5 Qd6 17. Nxf6 Qxc6 18. Bf4 Rd8 19. Nh5 g6 20. Rfd1 Rxd1+
21. Rxd1 gxh5 22. Rd8+ Kg7 23. Be5+ Kg6 24. Rg8+ Rxg8 25. Qxg8+ Kh6 26. Bf4#
1-0

[Event "Big Slow Lazy Tourney -  Dutch Style"]
[Site "SchemingMind.com"]
[Date "2020.07.02"]
[Round "-"]
[White "frankly"]
[Black "dmlowrey"]
[Result "1-0"]
[WhiteCountry "ENG"]
[BlackCountry "USA"]
[WhiteElo "2578"]
[WhiteRD "65"]
[BlackElo "1575"]
[BlackRD "73"]
[GameID "457291"]

1. d4 f5 2. g3 Nf6 3. Bg2 e6 4. c4 d5 5. Nf3 Be7 6. O-O Nc6 7. Nc3 a6 8. Ne5 Nxe5 9. dxe5 Nd7 10. cxd5 Nxe5
11. Qb3 Kf7 12. Rd1 Re8 13. dxe6+ Bxe6 14. Rxd8 Bxb3 15. Rxa8 Rxa8 16. axb3 c6 17. Bf4 Ng6 18. Bc7 Re8 19. Bh3 Rc8 20. Bb6 c5
21. Bxf5 Rc6 22. Na4 Kf6 23. Be4 Re6 24. Bxb7 Ne5 25. Bxc5 Nd7 26. Be3 Kf7 27. Bd5 a5 28. Nb6 Nxb6 29. Bxb6 Kf6 30. Bd4+ Kf7
31. Rxa5 h6 32. Ra6
1-0

[Event "Big Slow Lazy Tourney -  Dutch Style"]
[Site "SchemingMind.com"]
[Date "2020.07.01"]
[Round "-"]
[White "dmlowrey"]
[Black "William Lindberg"]
[Result "0-1"]
[WhiteCountry "USA"]
[BlackCountry "USA"]
[WhiteElo "1575"]
[WhiteRD "73"]
[BlackElo "2437"]
[BlackRD "66"]
[GameID "457292"]

1. d4 f5 2. c4 e6 3. Nc3 Bb4 4. Qb3 c5 5. Nf3 Nf6 6. Bg5 O-O 7. a3 Bxc3+ 8. Qxc3 b6 9. Ne5 Bb7 10. e3 d6
11. Nf3 Nbd7 12. Bd3 Qe8 13. O-O Bxf3 14. gxf3 Qg6 15. f4 h6 16. h4 hxg5 17. hxg5 cxd4 18. exd4 Nh5 19. Kg2 Nxf4+ 20. Kf3 e5
21. Rh1 Qxg5 22. Rag1 e4+ 23. Ke3 Nd5+ 24. Ke2 Nxc3+ 25. bxc3 exd3+ 26. Kxd3 Qf4 27. a4 Rfe8 28. Rg3 Qxf2
0-1

[Event "Big Slow Lazy Tourney -  Dutch Style"]
[Site "SchemingMind.com"]
[Date "2020.07.01"]
[Round "-"]
[White "dmlowrey"]
[Black "The Stonewall"]
[Result "0-1"]
[WhiteCountry "USA"]
[BlackCountry "ENG"]
[WhiteElo "1575"]
[WhiteRD "73"]
[BlackElo "2477"]
[BlackRD "82"]
[GameID "457293"]

1. d4 f5 2. c4 e6 3. Nc3 Bb4 4. Qb3 a5 5. Nf3 b6 6. g3 Bb7 7. Bg2 Nf6 8. d5 exd5 9. O-O Bxc3 10. Qxc3 O-O
11. Bg5 dxc4 12. Rad1 d5 13. Ne5 Nbd7 14. Nxd7 Qxd7 15. Qxc4 dxc4 16. Rxd7 Nxd7 17. Bxb7 Rae8 18. Bd5+ Kh8 19. Bc6 h6 20. Be3 Re7
21. Rd1 Ne5 22. a4 Nxc6 23. Rc1 Ne5 24. Bf4 Rd8 25. Bxe5 Rxe5 26. Rxc4 Rd7 27. e3 Re4 28. Rxe4 fxe4 29. Kg2 Rd2 30. b3 Rb2
31. Kf1 Rxb3
0-1

[Event "Big Slow Lazy Tourney -  Dutch Style"]
[Site "SchemingMind.com"]
[Date "2020.07.04"]
[Round "-"]
[White "maro"]
[Black "dmlowrey"]
[Result "0-1"]
[WhiteCountry "MEX"]
[BlackCountry "USA"]
[WhiteElo "1377"]
[WhiteRD "60"]
[BlackElo "1575"]
[BlackRD "73"]
[GameID "457294"]

1. d4 f5 2. c4 Nf6 3. Nc3 e6 4. e3 b6 5. Bd3 Bb7 6. Nf3 Nc6 7. a3 d5 8. cxd5 exd5 9. Bb5 Qd7 10. Ne5 Qd6
11. Qe2 a6 12. Ba4 b5 13. Bc2 g6 14. Bb3 Nxe5 15. dxe5 Qxe5 16. O-O d4 17. Na2 O-O-O 18. Rd1 Bc5 19. Bc2 Qd5 20. f3 Qe6
21. b4 Ba7 22. Bb2 d3 23. Rxd3 Rxd3 24. Bxd3 Re8 25. Bc1 Nd5 26. Bc2 Bd4 27. Rb1 Nxe3 28. Bb3 Ng4+ 29. Be3 Qd6 30. fxg4 Rxe3
0-1

[Event "Big Slow Lazy Tourney -  Dutch Style"]
[Site "SchemingMind.com"]
[Date "2020.07.06"]
[Round "-"]
[White "Uzi Mike"]
[Black "dmlowrey"]
[Result "1-0"]
[WhiteCountry "USA"]
[BlackCountry "USA"]
[WhiteElo "2343"]
[WhiteRD "76"]
[BlackElo "1560"]
[BlackRD "77"]
[GameID "457295"]

1. d4 f5 2. Bf4 Nf6 3. e3 e6 4. Be2 Nc6 5. Bh5+ Nxh5 6. Qxh5+ g6 7. Qe2 Bg7 8. Nf3 b6 9. Nc3 Bb7 10. Nb5 Qe7
11. Nxc7+ Kf7 12. Nxa8 Rxa8 13. O-O Rc8 14. c4 Ba6 15. Rfc1 d5 16. Qd1 Bxc4 17. Rc2 Nb4 18. Rc3 a5 19. Qc1 Qc7 20. Bxc7 Rxc7
21. b3 Nd3 22. Rxd3
1-0

[Event "Big Slow Lazy Tourney -  Dutch Style"]
[Site "SchemingMind.com"]
[Date "2020.07.01"]
[Round "-"]
[White "dmlowrey"]
[Black "ray winteringham"]
[Result "1-0"]
[WhiteCountry "USA"]
[BlackCountry "ENG"]
[WhiteElo "1575"]
[WhiteRD "73"]
[BlackElo "1484"]
[BlackRD "48"]
[GameID "457296"]

1. d4 f5 2. c4 d5 3. Nc3 c6 4. g3 h6 5. e4 g6 6. Nf3 Bg7 7. exd5 Nf6 8. Ne5 g5 9. Ng6 Rg8 10. Qe2 Kf7
11. Ne5+ Kf8 12. h4 g4 13. Be3 cxd5 14. Bg2 Nc6 15. Nxd5 Nxd5 16. cxd5 Qa5+ 17. Bd2 Qb6 18. O-O Nxd4 19. Qe3 Bxe5 20. Qxe5 Qxb2
21. Bxh6+ Ke8 22. Rfe1 e6 23. dxe6 Qb6 24. Rad1 Nxe6 25. Qf6 Qc7 26. Rxe6+ Bxe6 27. Qxe6+ Qe7 28. Qxg8+
1-0

[Event "Big Slow Lazy Tourney -  Dutch Style"]
[Site "SchemingMind.com"]
[Date "2020.07.06"]
[Round "-"]
[White "Robert Bruce"]
[Black "dmlowrey"]
[Result "1-0"]
[WhiteCountry "SCO"]
[BlackCountry "USA"]
[WhiteElo "2450"]
[WhiteRD "66"]
[BlackElo "1575"]
[BlackRD "73"]
[GameID "457297"]

1. d4 f5 2. g3 Nc6 3. Nf3 e6 4. Bg2 Nf6 5. O-O b6 6. c4 Bb7 7. d5 exd5 8. cxd5 Nb4 9. Nh4 Nbxd5 10. Nxf5 d6
11. Re1 Qd7 12. Bh3 O-O-O 13. Ne7+ Bxe7 14. Bxd7+ Rxd7 15. a3 Re8 16. e4 Nxe4 17. Rxe4 Nf6 18. Re6 Ng4 19. Qxg4 Bc6 20. Bg5 Kb7
21. Nc3 h6 22. Qh5 Bxg5 23. Rxe8 Bf6 24. Rc1 Bg5 25. Rc2 d5 26. Qg4 d4 27. Nd5
1-0

[Event "Big Slow Lazy Tourney -  Dutch Style"]
[Site "SchemingMind.com"]
[Date "2020.07.02"]
[Round "-"]
[White "dmlowrey"]
[Black "dvoretsky"]
[Result "0-1"]
[WhiteCountry "USA"]
[BlackCountry "ENG"]
[WhiteElo "1560"]
[WhiteRD "77"]
[BlackElo "2564"]
[BlackRD "82"]
[GameID "457298"]

1. d4 f5 2. c4 Nf6 3. Nc3 d6 4. g3 g6 5. Nf3 Bg7 6. Bg2 Na6 7. O-O O-O 8. Bf4 c5 9. Ng5 cxd4 10. Qxd4 d5
11. Nxd5 Ng4 12. Qd2 e5 13. Be3 h6 14. Nf3 e4 15. Ne1 Nxe3 16. Qxe3 Nc7 17. Nc2 Nxd5 18. cxd5 Qxd5 19. Nb4 Qc4 20. a3 Be6
21. Rac1 Qb3 22. Qd2 Rad8 23. Qc2 a5 24. Qxb3 Bxb3 25. Nc2 Rd2 26. Na1 Be6 27. Nc2 Bxb2 28. Ne3 Bxc1 29. Rxc1 Ra2 30. Rc7 Rf7
31. Rc3 Rf8 32. Kf1 Ra1+
0-1

[Event "Big Slow Lazy Tourney -  Dutch Style"]
[Site "SchemingMind.com"]
[Date "2020.07.02"]
[Round "-"]
[White "dmlowrey"]
[Black "Mihir Chandrashekhar"]
[Result "0-1"]
[WhiteCountry "USA"]
[BlackCountry "IND"]
[WhiteElo "1568"]
[WhiteRD "76"]
[BlackElo "1740"]
[BlackRD "65"]
[GameID "457299"]

1. d4 f5 2. c4 Nf6 3. Nc3 e6 4. g3 Bb4 5. Qb3 Bxc3+ 6. Qxc3 c6 7. Bg2 d5 8. Nf3 O-O 9. c5 Ne4 10. Qe3 Bd7
11. Ne5 Qa5+ 12. Bd2 Nxd2 13. Qxd2 Qxd2+ 14. Kxd2 Be8 15. Rhd1 Nd7 16. Nxd7 Bxd7 17. Ke1 f4 18. Rd3 Rae8 19. gxf4 Rxf4 20. Rad1 e5
21. dxe5 Rxe5 22. Kf1 Ra4 23. a3 Rh4 24. Kg1 Rxe2 25. b4 Bf5 26. Re3 Rxe3 27. fxe3 Kf7 28. h3 Bxh3 29. Bxd5+ cxd5 30. Rxd5 Be6
31. Rd8 a6 32. Rb8 Bd5 33. Kf2 Rh2+ 34. Kg3 Ra2 35. Rd8 Bc6 36. Rd3 a5 37. Kf4 axb4 38. axb4 Rh2 39. e4 Rh4+ 40. Kg3 Rxe4
41. Rf3+ Kg6 42. Rb3 Bb5 43. Kf3 Re6 44. Ra3 b6 45. Rc3 bxc5 46. bxc5 h5 47. Kf4 Kf6 48. Kg3 g5 49. Kf3 Kf5 50. Rb3 Bc6+
51. Kf2 h4 52. Kg1 g4 53. Kf2 g3+
0-1

[Event "Big Slow Lazy Tourney -  Dutch Style"]
[Site "SchemingMind.com"]
[Date "2020.07.01"]
[Round "-"]
[White "dmlowrey"]
[Black "Matthew Bailey"]
[Result "0-1"]
[WhiteCountry "USA"]
[BlackCountry "ENG"]
[WhiteElo "1575"]
[WhiteRD "73"]
[BlackElo "2555"]
[BlackRD "62"]
[GameID "457300"]

1. d4 f5 2. c4 Nf6 3. Nc3 d6 4. g3 g6 5. Nf3 Bg7 6. Bg2 O-O 7. Bf4 Nh5 8. O-O Nxf4 9. gxf4 c6 10. e4 fxe4
11. Nxe4 Rxf4 12. Neg5 h6 13. Nh3 Rf6 14. Re1 g5 15. Nd2 g4 16. Ne4 Rf8 17. Re3 gxh3 18. Bxh3 Bxh3 19. Rxh3 Qd7 20. Qh5 Qf5
21. Ng3 Qxf2+ 22. Kh1 Nd7 23. Ne4 Qxd4 24. Qh4 Rf7 25. Rg1 Raf8 26. Qg4 d5 27. Nf6+ Qxf6 28. Qxd7 Qe5 29. Rxh6 Qe4+
0-1

[Event "Big Slow Lazy Tourney -  Dutch Style"]
[Site "SchemingMind.com"]
[Date "2020.07.02"]
[Round "-"]
[White "Randy Bahr"]
[Black "dmlowrey"]
[Result "1-0"]
[WhiteCountry "USA"]
[BlackCountry "USA"]
[WhiteElo "1789"]
[WhiteRD "69"]
[BlackElo "1575"]
[BlackRD "73"]
[GameID "457301"]

1. d4 f5 2. g3 Nf6 3. Bg2 Nc6 4. d5 Ne5 5. Nc3 c6 6. e4 e6 7. dxe6 dxe6 8. Qxd8+ Kxd8 9. Bf4 Nc4 10. O-O-O+ Bd7
11. exf5 Bc5 12. fxe6 Bxf2 13. exd7 Nxd7 14. Bh3 Nb6 15. Ne4 Bxg1 16. Rhxg1 Ke7 17. Bxd7 Nxd7 18. Rge1 Rad8 19. Nc5+ Kf7 20. Rxd7+ Rxd7
21. Nxd7 Rd8 22. Nc5 Kf6 23. Nxb7 Rb8 24. Nc5 Rd8 25. h4 Kf5 26. Re5+ Kf6 27. Re6+ Kf5 28. Rxc6 Kg4 29. Rc7 Kf3 30. Nd3 a5
31. b4 a4 32. b5 Rb8 33. Rc5 Re8 34. b6
1-0

[Event "Big Slow Lazy Tourney -  Dutch Style"]
[Site "SchemingMind.com"]
[Date "2020.07.16"]
[Round "-"]
[White "The Stonewall"]
[Black "Phillip Beckett"]
[Result "1-0"]
[WhiteCountry "ENG"]
[BlackCountry "ENG"]
[WhiteElo "2477"]
[WhiteRD "82"]
[BlackElo "1549"]
[BlackRD "48"]
[GameID "457752"]

1. d4 f5 2. g3 Nf6 3. Bg2 e6 4. Nf3 Be7 5. O-O O-O 6. c4 c6 7. Nbd2 d5 8. Ne5 Nbd7 9. Nd3 Ne4 10. Qc2 Ndf6
11. Nf3 Bd7 12. Nfe5 Be8 13. c5 Nd7 14. Nxd7 Qxd7 15. Bf4 Bg5 16. Bxg5 Nxg5 17. b4 a5 18. a4 axb4 19. Rfb1 Ne4 20. Rxb4 Bh5
21. Ne5 Qc8 22. Rab1 Ra7 23. Qb2 Re8 24. Bf3 Bxf3 25. exf3 Nf6 26. Rxb7 Rxb7 27. Qxb7 Qxb7 28. Rxb7 Ra8 29. a5 Rxa5 30. Rb8+
1-0

[Event "Big Slow Lazy Tourney -  Dutch Style"]
[Site "SchemingMind.com"]
[Date "2020.07.11"]
[Round "-"]
[White "Phillip Beckett"]
[Black "maro"]
[Result "1-0"]
[WhiteCountry "ENG"]
[BlackCountry "MEX"]
[WhiteElo "1539"]
[WhiteRD "49"]
[BlackElo "1373"]
[BlackRD "60"]
[GameID "457753"]

1. d4 f5 2. e3 Nf6 3. Bd3 e6 4. f4 Nc6 5. c3 b6 6. Nf3 h6 7. O-O Bb7 8. Ne5 Nxe5 9. fxe5 Ng4 10. h3 Nxe3
11. Bxe3 Qh4 12. Qe1 Qh5 13. Be2 Qg6 14. Qf2 Be7 15. Bf3 Bxf3 16. Qxf3 O-O 17. Nd2 f4 18. Bf2 d6 19. Qe4 Qg5 20. Nf3 Qf5
21. Qxf5 Rxf5 22. Nh4 Rg5 23. Nf3 Rg6 24. Bh4 Bxh4 25. Nxh4 Rg5 26. exd6 cxd6 27. Nf3 Rf5 28. Nh4 Rff8 29. Ng6 Rf7 30. Rxf4 Rxf4
31. Nxf4 Kf7 32. Rf1 Ke7 33. Ng6+ Kd7 34. Rf7+ Kc6 35. Rxg7 a5 36. a4 Rb8 37. Ne7+ Kc7 38. Nf5+ Kc6 39. Nxh6 Rh8 40. Ng4 d5
41. Ne5+
1-0

[Event "Big Slow Lazy Tourney -  Dutch Style"]
[Site "SchemingMind.com"]
[Date "2020.07.16"]
[Round "-"]
[White "Phillip Beckett"]
[Black "Uzi Mike"]
[Result "0-1"]
[WhiteCountry "ENG"]
[BlackCountry "USA"]
[WhiteElo "1549"]
[WhiteRD "50"]
[BlackElo "2305"]
[BlackRD "73"]
[GameID "457754"]

1. d4 f5 2. e3 Nf6 3. Bd3 e6 4. Nd2 b6 5. f4 c5 6. c3 Ba6 7. Qe2 Bxd3 8. Qxd3 d5 9. Ngf3 Nc6 10. Ne5 Rc8
11. Ndf3 Nxe5 12. fxe5 Ne4 13. O-O Qd7 14. Bd2 Be7 15. Be1 Qa4 16. Bh4 Bxh4 17. Nxh4 g5 18. Nf3 g4 19. Nd2 c4 20. Qe2 Qc2
21. Rfd1 Qxb2 22. Kf1 Nxc3 23. Nxc4 Qxe2+
0-1

[Event "Big Slow Lazy Tourney -  Dutch Style"]
[Site "SchemingMind.com"]
[Date "2020.07.11"]
[Round "-"]
[White "AussieMossie"]
[Black "Phillip Beckett"]
[Result "1-0"]
[WhiteCountry "AUS"]
[BlackCountry "ENG"]
[WhiteElo "2503"]
[WhiteRD "71"]
[BlackElo "1539"]
[BlackRD "49"]
[GameID "457755"]

1. d4 f5 2. Nf3 e6 3. g3 d5 4. c4 c6 5. Bf4 Bd6 6. e3 Nf6 7. Nc3 Ne4 8. Bd3 O-O 9. Rc1 Bxf4 10. gxf4 Nd7
11. Qb3 Ndf6 12. Rg1 Nxc3 13. Qxc3 Ne4 14. Qc2 Bd7 15. Ne5 Rc8 16. f3 Nd6 17. Qg2 Ne8 18. c5 g6 19. Nxg6 Qf6 20. Ne5+ Kh8
21. Nxd7
1-0